00429nam a2200181Ia 4500008004000000020001500040041000800055082001700063100001700080245004600097260003100143300001100174650001100185650001100196650001800207650001200225650001000237210210b2006 xxu||||| |||| 00| 0 eng d a8181521420 aeng a820.109 SINI aSINGH (K K). aIndian English poetry after independence. aJaipurbBook enclavec2006 aiv,330 apoetry aIndian aindependence. aEnglish aafter